书目信息 |
| 题名: |
斯大林时代
|
|
| 作者: | 斯特朗 ;石人 | |
| 分册: | ||
| 出版信息: | 北京 世界知识出版社 1979 |
|
| 页数: | 181 | |
| 开本: | 20cm | |
| 丛书名: | ||
| 单 册: | ||
| 中图分类: | A74 | |
| 科图分类: | ||
| 主题词: | 斯大林--生平事迹 , 斯大林--传记 | |
| 电子资源: | ||
| ISBN: | ||
| 000 | 00542nam0 2200205 450 | |
| 001 | 0735257515 | |
| 005 | 20070904094737.51 | |
| 010 | @d0.58 | |
| 100 | @a20070904d km y0chiy0120 ea | |
| 101 | 0 | @achi |
| 200 | 1 | @a斯大林时代@Asi da lin shi dai@f斯特朗@Fsi te lang@g石人@Gshi ren |
| 210 | @a北京@c世界知识出版社@d1979 | |
| 215 | @a181@d20cm | |
| 606 | 0 | @a斯大林@x生平事迹 |
| 606 | 0 | @a斯大林@x传记 |
| 690 | @aA74@v3 | |
| 701 | 0 | @a斯特朗@Asi te lang |
| 702 | 0 | @a石人@Ashi ren |
| 801 | 0 | @aCN@bPFT@c20070904 |
| 905 | @a213230@dA74@ea5@f1 | |
| 斯大林时代/斯特朗/石人.-北京:世界知识出版社,1979 |
| 181;20cm |
| ISBN :0.58 |
| ● |
| 相关链接 |
|
|
|
|
正题名:斯大林时代
索取号:A74/a5
 
预约/预借
| 序号 | 登录号 | 条形码 | 馆藏地/架位号 | 状态 | 备注 |
| 1 | 7500120 | 275001203 | 史法系资料室/ [索取号:A74/a5] | 在馆 | |
| 2 | 7505297 | 275052979 | 史法系资料室/ [索取号:A74/a5] | 在馆 |